<?xml version="1.0" encoding="UTF-8"?>
<marc:record xmlns:marc="http://www.loc.gov/MARC21/slim" type="Bibliographic">
   <marc:leader>00000pam a2200000 c 4500</marc:leader>
   <marc:controlfield tag="001">951522884</marc:controlfield>
   <marc:controlfield tag="003">DE-101</marc:controlfield>
   <marc:controlfield tag="005">20171203030435.0</marc:controlfield>
   <marc:controlfield tag="007">tu</marc:controlfield>
   <marc:controlfield tag="008">970917s1998    gw ||||| |||| 10||||ger  </marc:controlfield>
   <marc:datafield ind1=" " ind2=" " tag="015">
      <marc:subfield code="a">98,A19,0384</marc:subfield>
      <marc:subfield code="z">97,N42,0273</marc:subfield>
      <marc:subfield code="2">dnb</marc:subfield>
   </marc:datafield>
   <marc:datafield ind1="7" ind2=" " tag="016">
      <marc:subfield code="2">DE-101</marc:subfield>
      <marc:subfield code="a">951522884</marc:subfield>
   </marc:datafield>
   <marc:datafield ind1=" " ind2=" " tag="020">
      <marc:subfield code="a">9783777608235</marc:subfield>
      <marc:subfield code="c">kart. : DM 38.00, DM 32.00 (für Bezieher der Zeitschr. Universitas), sfr 38.00, sfr 32.00 (für Bezieher der Zeitschr. Universitas), S 277.00, S 234.00 (für Bezieher der Zeitschr. Universitas)</marc:subfield>
      <marc:subfield code="9">978-3-7776-0823-5</marc:subfield>
   </marc:datafield>
   <marc:datafield ind1=" " ind2=" " tag="020">
      <marc:subfield code="a">3777608238</marc:subfield>
      <marc:subfield code="c">kart. : DM 38.00, DM 32.00 (für Bezieher der Zeitschr. Universitas), sfr 38.00, sfr 32.00 (für Bezieher der Zeitschr. Universitas), S 277.00, S 234.00 (für Bezieher der Zeitschr. Universitas)</marc:subfield>
      <marc:subfield code="9">3-7776-0823-8</marc:subfield>
   </marc:datafield>
   <marc:datafield ind1=" " ind2=" " tag="035">
      <marc:subfield code="a">(DE-599)DNB951522884</marc:subfield>
   </marc:datafield>
   <marc:datafield ind1=" " ind2=" " tag="035">
      <marc:subfield code="a">(OCoLC)214946290</marc:subfield>
   </marc:datafield>
   <marc:datafield ind1=" " ind2=" " tag="040">
      <marc:subfield code="a">1240</marc:subfield>
      <marc:subfield code="b">ger</marc:subfield>
      <marc:subfield code="c">DE-101</marc:subfield>
      <marc:subfield code="d">9999</marc:subfield>
   </marc:datafield>
   <marc:datafield ind1=" " ind2=" " tag="041">
      <marc:subfield code="a">ger</marc:subfield>
   </marc:datafield>
   <marc:datafield ind1=" " ind2=" " tag="043">
      <marc:subfield code="c">XA-DE</marc:subfield>
   </marc:datafield>
   <marc:datafield ind1=" " ind2=" " tag="044">
      <marc:subfield code="c">XA-DE</marc:subfield>
   </marc:datafield>
   <marc:datafield ind1=" " ind2=" " tag="084">
      <marc:subfield code="a">17</marc:subfield>
      <marc:subfield code="a">01</marc:subfield>
      <marc:subfield code="a">35</marc:subfield>
      <marc:subfield code="a">330</marc:subfield>
      <marc:subfield code="a">380</marc:subfield>
      <marc:subfield code="a">650</marc:subfield>
      <marc:subfield code="a">670</marc:subfield>
      <marc:subfield code="q">DE-101</marc:subfield>
      <marc:subfield code="2">sdnb</marc:subfield>
   </marc:datafield>
   <marc:datafield ind1=" " ind2=" " tag="084">
      <marc:subfield code="a">10.4</marc:subfield>
      <marc:subfield code="a">6.5</marc:subfield>
      <marc:subfield code="a">31.1a</marc:subfield>
      <marc:subfield code="a">10.2ea</marc:subfield>
      <marc:subfield code="q">DE-101</marc:subfield>
      <marc:subfield code="2">sswd</marc:subfield>
   </marc:datafield>
   <marc:datafield ind1="0" ind2="0" tag="245">
      <marc:subfield code="a">&#x98;Der&#x9c; Universitäts- und Forschungsstandort Deutschland im globalen Markt</marc:subfield>
      <marc:subfield code="b">eine Publikation der Karl-Heinz-Beckurts-Stiftung ; [Vorträge des Symposiums "Universitäts- und Forschungsstandort Deutschland im Globalen Markt" der Karl-Heinz-Beckurts-Stiftung, Bonn, 21./22.10.1996]</marc:subfield>
      <marc:subfield code="c">hrsg. von Klaus Pinkau ... Mit Beitr. von Ernst-Günter Afting ...</marc:subfield>
   </marc:datafield>
   <marc:datafield ind1=" " ind2="1" tag="264">
      <marc:subfield code="a">Stuttgart</marc:subfield>
      <marc:subfield code="a">Leipzig</marc:subfield>
      <marc:subfield code="b">Hirzel</marc:subfield>
      <marc:subfield code="c">1998</marc:subfield>
   </marc:datafield>
   <marc:datafield ind1=" " ind2=" " tag="300">
      <marc:subfield code="a">106 S.</marc:subfield>
      <marc:subfield code="c">23 cm</marc:subfield>
   </marc:datafield>
   <marc:datafield ind1=" " ind2=" " tag="336">
      <marc:subfield code="a">Text</marc:subfield>
      <marc:subfield code="b">txt</marc:subfield>
      <marc:subfield code="2">rdacontent</marc:subfield>
   </marc:datafield>
   <marc:datafield ind1=" " ind2=" " tag="337">
      <marc:subfield code="a">ohne Hilfsmittel zu benutzen</marc:subfield>
      <marc:subfield code="b">n</marc:subfield>
      <marc:subfield code="2">rdamedia</marc:subfield>
   </marc:datafield>
   <marc:datafield ind1=" " ind2=" " tag="338">
      <marc:subfield code="a">Band</marc:subfield>
      <marc:subfield code="b">nc</marc:subfield>
      <marc:subfield code="2">rdacarrier</marc:subfield>
   </marc:datafield>
   <marc:datafield ind1=" " ind2="7" tag="650">
      <marc:subfield code="0">(DE-588)4162106-2</marc:subfield>
      <marc:subfield code="0">http://d-nb.info/gnd/4162106-2</marc:subfield>
      <marc:subfield code="0">(DE-101)041621069</marc:subfield>
      <marc:subfield code="a">Internationalisierung</marc:subfield>
      <marc:subfield code="2">gnd</marc:subfield>
   </marc:datafield>
   <marc:datafield ind1=" " ind2="7" tag="650">
      <marc:subfield code="0">(DE-588)4125050-3</marc:subfield>
      <marc:subfield code="0">http://d-nb.info/gnd/4125050-3</marc:subfield>
      <marc:subfield code="0">(DE-101)041250508</marc:subfield>
      <marc:subfield code="a">Forschungspolitik</marc:subfield>
      <marc:subfield code="2">gnd</marc:subfield>
   </marc:datafield>
   <marc:datafield ind1=" " ind2="7" tag="650">
      <marc:subfield code="0">(DE-588)4184587-0</marc:subfield>
      <marc:subfield code="0">http://d-nb.info/gnd/4184587-0</marc:subfield>
      <marc:subfield code="0">(DE-101)041845870</marc:subfield>
      <marc:subfield code="a">Technologiepolitik</marc:subfield>
      <marc:subfield code="2">gnd</marc:subfield>
   </marc:datafield>
   <marc:datafield ind1=" " ind2="7" tag="650">
      <marc:subfield code="0">(DE-588)4223616-2</marc:subfield>
      <marc:subfield code="0">http://d-nb.info/gnd/4223616-2</marc:subfield>
      <marc:subfield code="0">(DE-101)042236169</marc:subfield>
      <marc:subfield code="a">Standortfaktor</marc:subfield>
      <marc:subfield code="2">gnd</marc:subfield>
   </marc:datafield>
   <marc:datafield ind1=" " ind2="7" tag="651">
      <marc:subfield code="0">(DE-588)4011882-4</marc:subfield>
      <marc:subfield code="0">http://d-nb.info/gnd/4011882-4</marc:subfield>
      <marc:subfield code="0">(DE-101)040118827</marc:subfield>
      <marc:subfield code="a">Deutschland</marc:subfield>
      <marc:subfield code="2">gnd</marc:subfield>
   </marc:datafield>
   <marc:datafield ind1=" " ind2="7" tag="655">
      <marc:subfield code="0">(DE-588)4143413-4</marc:subfield>
      <marc:subfield code="0">http://d-nb.info/gnd/4143413-4</marc:subfield>
      <marc:subfield code="0">(DE-101)041434137</marc:subfield>
      <marc:subfield code="a">Aufsatzsammlung</marc:subfield>
      <marc:subfield code="2">gnd-content</marc:subfield>
   </marc:datafield>
   <marc:datafield ind1=" " ind2="7" tag="655">
      <marc:subfield code="0">(DE-588)1071861417</marc:subfield>
      <marc:subfield code="0">http://d-nb.info/gnd/1071861417</marc:subfield>
      <marc:subfield code="0">(DE-101)1071861417</marc:subfield>
      <marc:subfield code="a">Konferenzschrift</marc:subfield>
      <marc:subfield code="2">gnd-content</marc:subfield>
   </marc:datafield>
   <marc:datafield ind1=" " ind2="7" tag="655">
      <marc:subfield code="a">Aufsatzsammlung</marc:subfield>
      <marc:subfield code="2">gnd</marc:subfield>
   </marc:datafield>
   <marc:datafield ind1="0" ind2="0" tag="689">
      <marc:subfield code="0">(DE-588)4011882-4</marc:subfield>
      <marc:subfield code="0">http://d-nb.info/gnd/4011882-4</marc:subfield>
      <marc:subfield code="0">(DE-101)040118827</marc:subfield>
      <marc:subfield code="D">g</marc:subfield>
      <marc:subfield code="a">Deutschland</marc:subfield>
   </marc:datafield>
   <marc:datafield ind1="0" ind2="1" tag="689">
      <marc:subfield code="0">(DE-588)4162106-2</marc:subfield>
      <marc:subfield code="0">http://d-nb.info/gnd/4162106-2</marc:subfield>
      <marc:subfield code="0">(DE-101)041621069</marc:subfield>
      <marc:subfield code="D">s</marc:subfield>
      <marc:subfield code="a">Internationalisierung</marc:subfield>
   </marc:datafield>
   <marc:datafield ind1="0" ind2="2" tag="689">
      <marc:subfield code="0">(DE-588)4125050-3</marc:subfield>
      <marc:subfield code="0">http://d-nb.info/gnd/4125050-3</marc:subfield>
      <marc:subfield code="0">(DE-101)041250508</marc:subfield>
      <marc:subfield code="D">s</marc:subfield>
      <marc:subfield code="a">Forschungspolitik</marc:subfield>
   </marc:datafield>
   <marc:datafield ind1="0" ind2="3" tag="689">
      <marc:subfield code="0">(DE-588)4184587-0</marc:subfield>
      <marc:subfield code="0">http://d-nb.info/gnd/4184587-0</marc:subfield>
      <marc:subfield code="0">(DE-101)041845870</marc:subfield>
      <marc:subfield code="D">s</marc:subfield>
      <marc:subfield code="a">Technologiepolitik</marc:subfield>
   </marc:datafield>
   <marc:datafield ind1="0" ind2="4" tag="689">
      <marc:subfield code="0">(DE-588)4223616-2</marc:subfield>
      <marc:subfield code="0">http://d-nb.info/gnd/4223616-2</marc:subfield>
      <marc:subfield code="0">(DE-101)042236169</marc:subfield>
      <marc:subfield code="D">s</marc:subfield>
      <marc:subfield code="a">Standortfaktor</marc:subfield>
   </marc:datafield>
   <marc:datafield ind1="0" ind2="5" tag="689">
      <marc:subfield code="A">f</marc:subfield>
      <marc:subfield code="a">Aufsatzsammlung</marc:subfield>
   </marc:datafield>
   <marc:datafield ind1="0" ind2=" " tag="689">
      <marc:subfield code="5">DE-101</marc:subfield>
      <marc:subfield code="5">DE-101</marc:subfield>
   </marc:datafield>
   <marc:datafield ind1="1" ind2=" " tag="700">
      <marc:subfield code="0">(DE-588)106074687</marc:subfield>
      <marc:subfield code="0">http://d-nb.info/gnd/106074687</marc:subfield>
      <marc:subfield code="0">(DE-101)106074687</marc:subfield>
      <marc:subfield code="a">Pinkau, Klaus</marc:subfield>
      <marc:subfield code="d">1931-</marc:subfield>
      <marc:subfield code="e">Herausgeber</marc:subfield>
      <marc:subfield code="4">edt</marc:subfield>
   </marc:datafield>
   <marc:datafield ind1="1" ind2=" " tag="700">
      <marc:subfield code="0">(DE-588)138617821</marc:subfield>
      <marc:subfield code="0">http://d-nb.info/gnd/138617821</marc:subfield>
      <marc:subfield code="0">(DE-101)138617821</marc:subfield>
      <marc:subfield code="a">Afting, Ernst-Günter</marc:subfield>
      <marc:subfield code="d">1942-</marc:subfield>
      <marc:subfield code="e">Mitwirkender</marc:subfield>
      <marc:subfield code="4">ctb</marc:subfield>
   </marc:datafield>
   <marc:datafield ind1="2" ind2=" " tag="710">
      <marc:subfield code="0">(DE-588)2122818-8</marc:subfield>
      <marc:subfield code="0">http://d-nb.info/gnd/2122818-8</marc:subfield>
      <marc:subfield code="0">(DE-101)007699441</marc:subfield>
      <marc:subfield code="a">Karl-Heinz-Beckurts-Stiftung</marc:subfield>
      <marc:subfield code="e">Herausgebendes Organ</marc:subfield>
      <marc:subfield code="4">isb</marc:subfield>
   </marc:datafield>
   <marc:datafield ind1="2" ind2=" " tag="711">
      <marc:subfield code="0">(DE-588)2165999-0</marc:subfield>
      <marc:subfield code="0">http://d-nb.info/gnd/2165999-0</marc:subfield>
      <marc:subfield code="0">(DE-101)951522973</marc:subfield>
      <marc:subfield code="a">Symposium Universitäts- und Forschungsstandort Deutschland im Globalen Markt</marc:subfield>
      <marc:subfield code="d">1996</marc:subfield>
      <marc:subfield code="c">Bonn</marc:subfield>
      <marc:subfield code="j">Herausgebendes Organ</marc:subfield>
      <marc:subfield code="4">isb</marc:subfield>
   </marc:datafield>
   <marc:datafield ind1=" " ind2=" " tag="850">
      <marc:subfield code="a">DE-101a</marc:subfield>
      <marc:subfield code="a">DE-101b</marc:subfield>
   </marc:datafield>
   <marc:datafield ind1="4" ind2="2" tag="856">
      <marc:subfield code="m">V:DE-605</marc:subfield>
      <marc:subfield code="q">application/pdf</marc:subfield>
      <marc:subfield code="u">http://d-nb.info/951522884/04</marc:subfield>
      <marc:subfield code="3">Inhaltsverzeichnis</marc:subfield>
   </marc:datafield>
   <marc:datafield ind1="r" ind2=" " tag="925">
      <marc:subfield code="a">ra</marc:subfield>
   </marc:datafield>
</marc:record>
